000 01976cam a2200457 4500
002 7933
008 040910n2004 000 0 eng u
020 _a0727732757
035 _a(Sirsi) u127317
041 _aeng
050 _a614.76
_c18
100 _aHawkins, Richard
245 4 _aThe practical guide to waste management law with a list of abbreviations and acronyms, useful websites and relevant legislation
260 _aLondon
_bThomas Telford
_c2004
300 _axxxiii, 275p.
_c25cm.
350 _a35
505 _aThe historical background
505 _aDefining waste
505 _aWaste classification
505 _aThe administration and management of waste
505 _aWaste minimisation, recycling, bioprocessing and recovery
505 _aEnergy recovery, incineration and landfill
505 _aThe planning system and structural reform
505 _aIntegrated Pollution Prevention and Control and the permitting regime
505 _aEnvironmental criminal and civil law simplified and the control of fly-tipping
505 _aHealth and safety, the Duty of Care Regulations and basic contractual considerations
505 _aThe consignment and movement of waste
505 _aWaste mismanagement and water quality
520 _aThis book aims to provide practitioners and their auditors with an understanding of operational waste management law and the practical implications of non-compliance. The law and practice mainly relates to England, Wales and the EU, although much is applicable to Scotland and Northern Ireland.
600 _aWASTE MINIMISATION
650 _aWASTE RECYCLING
650 _aWASTE INCINERATION
650 _aENVIRONMENTAL LAW
650 _aWASTE MINIMISATION
650 _aINTEGRATED POLLUTION PREVENTION AND CONTROL
650 _aLANDFILL
650 _aWASTE PLANNING
690 _aENVIRONMENTAL AND LAND CONSULTANCY-WASTE MANAGEMENT
700 _aShaw, Heidi S.
942 _n0
999 _c103727
_d103727